000 00201nam a2200097Ia 4500
008 240331s9999 xx 000 0 und d
082 _bAMP
100 _aAmpai
245 0 _aAmpai cirukataikal
942 _cL
999 _c2711
_d2711